000 01186nam a2200229Ia 4500
999 _c43711
_d43711
001 10452
003 GE_BSU
005 20221219123639.0
008 181216s1983ge xx |||||||||||||| ||geo||
040 _cGE_BSU
041 _ageo
080 _a821.353.1–3 ქ-27
245 _aქართული პროზა:
_bწ. 5: მეჩვიდმეტე–მეთვრამეტე საუკუნეთა მწერლობა /
_c შემდგ. გ. გვერდწითელი, ნ.ებრალიძე, რ თვარაძე
264 _aთბილისი :
_bსაბჭოთა საქართველო,
_c1983.
300 _a702 გვ;
_b20 სმ.
653 _aქართული პროზა:წ.5:
653 _aმეჩვიდმეტე–მეთვრამეტე საუკუნეთა მწერლობა
700 _aგვერდწითელი, გ
_eშემდგენელი
_914595
700 _aებრალიძე, ნ
_eშემდგენელი
_916465
700 _aთვარაძე, რ
_eშემდგენელი
_914595
942 _cBK
_2udc